A coffin for Dimitrios / (Record no. 1157)

000 -LEADER
fixed length control field 01474nam a22004337a 4500
001 - CONTROL NUMBER
control field 12353607
003 - CONTROL NUMBER IDENTIFIER
control field OSt
005 - DATE AND TIME OF LATEST TRANSACTION
control field 20241105171633.0
008 - FIXED-LENGTH DATA ELEMENTS--GENERAL INFORMATION
fixed length control field 010321r20011937nyu 000 1 eng
010 ## - LIBRARY OF CONGRESS CONTROL NUMBER
LC control number 2001025864
020 ## - INTERNATIONAL STANDARD BOOK NUMBER
International Standard Book Number 0375726713 (pbk.)
020 ## - INTERNATIONAL STANDARD BOOK NUMBER
International Standard Book Number 9780375726712 (pbk.)
020 ## - INTERNATIONAL STANDARD BOOK NUMBER
International Standard Book Number 037572673X (pbk.)
020 ## - INTERNATIONAL STANDARD BOOK NUMBER
International Standard Book Number 9780375726736 (pbk.)
035 ## - SYSTEM CONTROL NUMBER
System control number (OCoLC)ocm46641842
035 ## - SYSTEM CONTROL NUMBER
System control number (OCoLC)46641842
040 ## - CATALOGING SOURCE
Original cataloging agency DLC
Transcribing agency DLC
Modifying agency YDX
-- BAKER
-- VP@
-- OCLCQ
-- BTCTA
-- YDXCP
-- DLC
Language of cataloging eng
041 ## - LANGUAGE CODE
Language code of text/sound track or separate title eng
043 ## - GEOGRAPHIC AREA CODE
Geographic area code ed-----
050 00 - LIBRARY OF CONGRESS CALL NUMBER
Classification number PR6001.M48
Item number C64 2001
080 ## - UNIVERSAL DECIMAL CLASSIFICATION NUMBER
Universal Decimal Classification number 821.111
Item number A-46
082 00 - DEWEY DECIMAL CLASSIFICATION NUMBER
Classification number 823/.912
Edition number 21
100 1# - MAIN ENTRY--PERSONAL NAME
Personal name Ambler, Eric,
Dates associated with a name 1909-1998.
245 12 - TITLE STATEMENT
Title A coffin for Dimitrios /
Statement of responsibility, etc. Eric Ambler.
Remainder of title / by: Vintage Books
250 ## - EDITION STATEMENT
Edition statement Vintage crime/Black Lizard edition
260 ## - PUBLICATION, DISTRIBUTION, ETC.
Place of publication, distribution, etc. New York
Name of publisher, distributor, etc. Vintage Books
Date of publication, distribution, etc. 2001.
300 ## - PHYSICAL DESCRIPTION
Extent 304 p.
Dimensions 21 cm.
440 #0 - SERIES STATEMENT/ADDED ENTRY--TITLE
Title Vintage crime/Black Lizard
650 #0 - SUBJECT ADDED ENTRY--TOPICAL TERM
Topical term or geographic name entry element Novelists
Form subdivision Fiction.
650 #0 - SUBJECT ADDED ENTRY--TOPICAL TERM
Topical term or geographic name entry element English literature
9 (RLIN) 247
650 #0 - SUBJECT ADDED ENTRY--TOPICAL TERM
Topical term or geographic name entry element British
Geographic subdivision Balkan Peninsula
Form subdivision Fiction.
651 #0 - SUBJECT ADDED ENTRY--GEOGRAPHIC NAME
Geographic name Balkan Peninsula
Form subdivision Fiction.
653 ## - INDEX TERM--UNCONTROLLED
Uncontrolled term ინგლისური ლიტერატურა
655 #7 - INDEX TERM--GENRE/FORM
Genre/form data or focus term Suspense fiction.
Source of term gsafd
655 #7 - INDEX TERM--GENRE/FORM
Genre/form data or focus term Spy stories.
Source of term gsafd
906 ## - LOCAL DATA ELEMENT F, LDF (RLIN)
a 7
b cbc
c orignew
d 1
e ocip
f 20
g y-gencatlg
942 ## - ADDED ENTRY ELEMENTS (KOHA)
Source of classification or shelving scheme
Koha item type Books
Holdings
Withdrawn status Lost status Source of classification or shelving scheme Damaged status Not for loan Permanent location Current location Date acquired Inventory number Total Checkouts Full call number Barcode Date last seen Price effective from Koha item type
          Ken Walker International University Ken Walker International University 02/03/2021 471   821.111 A-46 471 02/03/2021 02/03/2021 Books

Powered by Koha